<?xml version="1.0" encoding="UTF-8"?>
<record
    xmlns:xsi="http://www.w3.org/2001/XMLSchema-instance"
    xsi:schemaLocation="http://www.loc.gov/MARC21/slim http://www.loc.gov/standards/marcxml/schema/MARC21slim.xsd"
    xmlns="http://www.loc.gov/MARC21/slim">

  <leader>00406nam a22001457a 4500</leader>
  <datafield tag="999" ind1=" " ind2=" ">
    <subfield code="c">1970</subfield>
    <subfield code="d">1970</subfield>
  </datafield>
  <controlfield tag="008">200210b           ||||| |||| 00| 0 eng d</controlfield>
  <datafield tag="100" ind1=" " ind2=" ">
    <subfield code="9">1573</subfield>
    <subfield code="a">Smith, David W.</subfield>
  </datafield>
  <datafield tag="245" ind1="1" ind2="0">
    <subfield code="a">Marine auxiliary machinery</subfield>
  </datafield>
  <datafield tag="250" ind1=" " ind2=" ">
    <subfield code="a">9th ed.</subfield>
  </datafield>
  <datafield tag="260" ind1=" " ind2=" ">
    <subfield code="a">New Delhi</subfield>
    <subfield code="b">Aditya Books Pvt. Ltd</subfield>
    <subfield code="c">1992</subfield>
  </datafield>
  <datafield tag="300" ind1=" " ind2=" ">
    <subfield code="a">ix,477p.</subfield>
  </datafield>
  <datafield tag="440" ind1=" " ind2=" ">
    <subfield code="a">Marine Engineering Series</subfield>
  </datafield>
  <datafield tag="650" ind1=" " ind2="0">
    <subfield code="a">Marine Engineering</subfield>
  </datafield>
  <datafield tag="942" ind1=" " ind2=" ">
    <subfield code="c">BK</subfield>
  </datafield>
  <datafield tag="952" ind1=" " ind2=" ">
    <subfield code="0">0</subfield>
    <subfield code="1">0</subfield>
    <subfield code="2">ddc</subfield>
    <subfield code="4">0</subfield>
    <subfield code="6">623_870000000000000_S6421</subfield>
    <subfield code="7">0</subfield>
    <subfield code="9">5154</subfield>
    <subfield code="a">CL</subfield>
    <subfield code="b">CL</subfield>
    <subfield code="d">2002-03-27</subfield>
    <subfield code="e">Jyoti, the Book People</subfield>
    <subfield code="o">623.87 S6421</subfield>
    <subfield code="p">09321</subfield>
    <subfield code="r">2020-02-10</subfield>
    <subfield code="v">350.00</subfield>
    <subfield code="y">BK</subfield>
  </datafield>
  <datafield tag="952" ind1=" " ind2=" ">
    <subfield code="0">0</subfield>
    <subfield code="1">0</subfield>
    <subfield code="2">ddc</subfield>
    <subfield code="4">0</subfield>
    <subfield code="6">623_870000000000000_S6421</subfield>
    <subfield code="7">0</subfield>
    <subfield code="9">5155</subfield>
    <subfield code="a">CL</subfield>
    <subfield code="b">CL</subfield>
    <subfield code="d">2002-03-27</subfield>
    <subfield code="e">Jyoti, the Book People</subfield>
    <subfield code="o">623.87 S6421</subfield>
    <subfield code="p">09322</subfield>
    <subfield code="r">2020-02-10</subfield>
    <subfield code="v">350.00</subfield>
    <subfield code="y">BK</subfield>
  </datafield>
  <datafield tag="952" ind1=" " ind2=" ">
    <subfield code="0">0</subfield>
    <subfield code="1">0</subfield>
    <subfield code="2">ddc</subfield>
    <subfield code="4">0</subfield>
    <subfield code="6">623_870000000000000_S6421</subfield>
    <subfield code="7">0</subfield>
    <subfield code="9">5156</subfield>
    <subfield code="a">CL</subfield>
    <subfield code="b">CL</subfield>
    <subfield code="d">2002-03-27</subfield>
    <subfield code="e">Jyoti, the Book People</subfield>
    <subfield code="o">623.87 S6421</subfield>
    <subfield code="p">09323</subfield>
    <subfield code="r">2020-02-10</subfield>
    <subfield code="v">350.00</subfield>
    <subfield code="y">BK</subfield>
  </datafield>
  <datafield tag="952" ind1=" " ind2=" ">
    <subfield code="0">0</subfield>
    <subfield code="1">0</subfield>
    <subfield code="2">ddc</subfield>
    <subfield code="4">0</subfield>
    <subfield code="6">623_870000000000000_S6421</subfield>
    <subfield code="7">0</subfield>
    <subfield code="9">5157</subfield>
    <subfield code="a">CL</subfield>
    <subfield code="b">CL</subfield>
    <subfield code="d">2002-03-27</subfield>
    <subfield code="e">Jyoti, the Book People</subfield>
    <subfield code="o">623.87 S6421</subfield>
    <subfield code="p">09324</subfield>
    <subfield code="r">2020-02-10</subfield>
    <subfield code="v">350.00</subfield>
    <subfield code="y">BK</subfield>
  </datafield>
  <datafield tag="952" ind1=" " ind2=" ">
    <subfield code="0">0</subfield>
    <subfield code="1">0</subfield>
    <subfield code="2">ddc</subfield>
    <subfield code="4">0</subfield>
    <subfield code="6">623_870000000000000_S6421</subfield>
    <subfield code="7">0</subfield>
    <subfield code="9">5158</subfield>
    <subfield code="a">CL</subfield>
    <subfield code="b">CL</subfield>
    <subfield code="d">2002-03-27</subfield>
    <subfield code="e">Jyoti, the Book People</subfield>
    <subfield code="o">623.87 S6421</subfield>
    <subfield code="p">09325</subfield>
    <subfield code="r">2020-02-10</subfield>
    <subfield code="v">350.00</subfield>
    <subfield code="y">BK</subfield>
  </datafield>
  <datafield tag="952" ind1=" " ind2=" ">
    <subfield code="0">0</subfield>
    <subfield code="1">0</subfield>
    <subfield code="2">ddc</subfield>
    <subfield code="4">0</subfield>
    <subfield code="6">623_870000000000000_S6421</subfield>
    <subfield code="7">0</subfield>
    <subfield code="9">11664</subfield>
    <subfield code="a">CL</subfield>
    <subfield code="b">CL</subfield>
    <subfield code="d">1992-08-08</subfield>
    <subfield code="e">W. Newman &amp; Co.</subfield>
    <subfield code="g">350.00</subfield>
    <subfield code="o">623.87 S6421</subfield>
    <subfield code="p">08009</subfield>
    <subfield code="r">2020-07-13</subfield>
    <subfield code="v">350.00</subfield>
    <subfield code="y">BK</subfield>
  </datafield>
  <datafield tag="952" ind1=" " ind2=" ">
    <subfield code="0">0</subfield>
    <subfield code="1">0</subfield>
    <subfield code="2">ddc</subfield>
    <subfield code="4">0</subfield>
    <subfield code="6">623_870000000000000_S6421</subfield>
    <subfield code="7">0</subfield>
    <subfield code="9">11665</subfield>
    <subfield code="a">CL</subfield>
    <subfield code="b">CL</subfield>
    <subfield code="d">1992-08-08</subfield>
    <subfield code="e">W. Newman &amp; Co.</subfield>
    <subfield code="g">350.00</subfield>
    <subfield code="o">623.87 S6421</subfield>
    <subfield code="p">08010</subfield>
    <subfield code="r">2020-07-13</subfield>
    <subfield code="v">350.00</subfield>
    <subfield code="y">BK</subfield>
  </datafield>
  <datafield tag="952" ind1=" " ind2=" ">
    <subfield code="0">0</subfield>
    <subfield code="1">0</subfield>
    <subfield code="2">ddc</subfield>
    <subfield code="4">0</subfield>
    <subfield code="6">623_870000000000000_S6421</subfield>
    <subfield code="7">0</subfield>
    <subfield code="9">11666</subfield>
    <subfield code="a">CL</subfield>
    <subfield code="b">CL</subfield>
    <subfield code="d">1992-08-08</subfield>
    <subfield code="e">W. Newman &amp; Co.</subfield>
    <subfield code="g">350.00</subfield>
    <subfield code="o">623.87 S6421</subfield>
    <subfield code="p">08012</subfield>
    <subfield code="r">2020-07-13</subfield>
    <subfield code="v">350.00</subfield>
    <subfield code="y">BK</subfield>
  </datafield>
  <datafield tag="952" ind1=" " ind2=" ">
    <subfield code="0">1</subfield>
    <subfield code="1">0</subfield>
    <subfield code="2">ddc</subfield>
    <subfield code="4">0</subfield>
    <subfield code="6">623_870000000000000_S6421</subfield>
    <subfield code="7">0</subfield>
    <subfield code="9">23698</subfield>
    <subfield code="a">CL</subfield>
    <subfield code="b">CL</subfield>
    <subfield code="d">1992-08-08</subfield>
    <subfield code="e">W. Newman &amp; Co.</subfield>
    <subfield code="g">350.00</subfield>
    <subfield code="o">623.87 S6421</subfield>
    <subfield code="p">08013</subfield>
    <subfield code="r">2021-12-28</subfield>
    <subfield code="v">350.00</subfield>
    <subfield code="y">BK</subfield>
  </datafield>
  <datafield tag="952" ind1=" " ind2=" ">
    <subfield code="0">1</subfield>
    <subfield code="1">0</subfield>
    <subfield code="2">ddc</subfield>
    <subfield code="4">0</subfield>
    <subfield code="6">623_870000000000000_S6421</subfield>
    <subfield code="7">0</subfield>
    <subfield code="9">23699</subfield>
    <subfield code="a">CL</subfield>
    <subfield code="b">CL</subfield>
    <subfield code="d">1992-08-08</subfield>
    <subfield code="e">W. Newman &amp; Co.</subfield>
    <subfield code="g">350.00</subfield>
    <subfield code="o">623.87 S6421</subfield>
    <subfield code="p">08011</subfield>
    <subfield code="r">2021-12-28</subfield>
    <subfield code="v">350.00</subfield>
    <subfield code="y">BK</subfield>
  </datafield>
</record>
